Top 20 Most Spoken Languages in London - Statistics

General Stats
  • This quiz has been taken 373 times
  • The average score is 14 of 20
Answer Stats
Number Spoken Answer % Correct
6,083,420 English
99%
71,192 Spanish
97%
84,191 French
94%
31,306 German
92%
26,603 Russian
88%
49,484 Italian
87%
147,816 Polish
87%
70,602 Arabic
85%
71,242 Turkish
74%
71,525 Portuguese
72%
78,667 Urdu
72%
26,924 Greek
68%
39,653 Romanian
61%
114,267 Bengali
56%
68,525 Punjabi
53%
70,565 Tamil
48%
39,645 Persian
43%
101,676 Gujarati
33%
35,341 Lithuanian
32%
54,852 Somali
23%
No matching quizzes found
Score Distribution
Percent of People with Each Score
Percentile by Number Answered
Your Score History
You have not taken this quiz